Responses for Primetime Celebrity Jeopardy! game #35 - Wednesday, March 12, 2025

2025 Primetime Celebrity Jeopardy! quarterfinal game 9.

Contestants

[<< previous game]

Fortune Feimster, a writer, comedian, and actress originally from Belmont, North Carolina

Mina Kimes, a NFL analyst on ESPN originally from Offutt Air Force Base, Nebraska

Omar J. Dorsey, an actor originally from Decatur, Georgia

[next game >>]

Jeopardy! Round responses

NATURAL WONDERS, NATIVE TONGUES
THERE'S NO BUSINESS LIKE SHOE BUSINESS
THE LAST EPISODE
ART WE CAN'T AFFORD
RETURN OF THE "MACK"
THE COLOR PURPLE
    $100 30
the Nile

Mina
    $100 13
(Fortune: What are [*]s?)

Timberland

Fortune
    $100 2
Breaking Bad

Mina
    $100 26
balloons

Mina
    $100 27
mackerel

Fortune
    $100 10
[Ken pronounces Walz as "WALTZ".]

Prince

Mina
    $200 16
lightning

Omar
    $200 12
Sarah Jessica Parker

Fortune
    $200 4
Friends

Mina
    $200 21
(Mina: What is a hexagon?)
(Fortune: What is an octagon?)

a cube

MinaFortune
Triple Stumper
    $200 19
(Omar: [*]? Smacks?)
(Ken: Yeah--)
(Omar: [Overlapping] What are smacks?)
(Ken: --we'll take that. [*], [**].)

smackeroos (or smackers)

Omar
    $200 14
the Lakers

Omar
    $300 22
the Grand Canyon

Triple Stumper
    $300 6
Birkenstock

Mina
    $300 5
Succession

Mina
    $300 9
Nurse

Fortune
    $300 1
the SmackDown

Fortune
    $300 15
(Mina: [*]. What is [*]?)
(Ken: That's correct--)
(Mina: Have to get that one.)
(Ken: --don't forget your phrasing. Go Dogs. Go Dogs.)

the University of Washington

Mina
    $400 23
a solar eclipse

Mina
    $400 7
Louboutin

Mina
    $400 11
Veep

Mina
    $400 24
swimming pool

Triple Stumper
    $400 3
"Mack The Knife"

Omar
    $400 20
Professor Plum

Mina
    $500 29
K2

Triple Stumper
    $500 8
L.L. Bean

Mina
    $500 17
The Good Place

Triple Stumper
    $800 25
water lillies

Mina
    $500 18
Godsmack

Triple Stumper
    $500 28
an amethyst

Mina

Scores at the first commercial break (after clue 15):

Omar Mina Fortune
$600 $2,600 $900

Scores at the end of the Jeopardy! Round:

Omar Mina Fortune
$1,000 $4,700 $800

Double Jeopardy! Round responses

PILGRIMAGES
VERBS GONE BAD
PULL MY STRING
INSECT AFFIRMATIONS
WARNING: RESPONSES CONTAIN PEANUTS
(Ken: A Peanuts character, that is.)
GET THE F OUT OF HERE
(Ken: Don't take that personally. Sorry, Fortune.)
    $200 30
Eden

Omar
    $200 7
fleece

Omar
    $200 25
Pee-wee Herman

Omar
    $200 29
a praying mantis

Omar
    $200 27
Woodstock

Omar
    $200 1
oil (from foil)

Omar
    $400 23
Mecca

Omar
    $400 8
doctor

Omar
    $400 26
Fran (Fine) from The Nanny

Fortune
    $400 4
(Mina: [Editorializing] That's weird.)

a termite

Mina
    $400 28
a pigpen

Omar
    $400 21
(Fortune: What is feral?)

an ox (from fox)

MinaFortune
    $600 18
France

Mina
    $600 5
(Mina: What is [*]ing?)
(Ken: Yeah.)
(Mina: [*].)
(Ken: [*].)

pelt

Mina
    $600 16
Woody

Omar
    $600 11
a centipede

Mina
    $600 13
(Mina: Who is Lucy?)
(Ken: Nnnn--)
(Mina: What is Lucy?)
(Fortune: Who is Peppermint Patty?)

"Lucy In The Sky With Diamonds"

OmarMinaFortune
    $600 2
lute (from flute)

Omar
    $800 19
Japan

Mina
    $800 6
gorge

Fortune
    $800 17
Chewbacca

Mina
    $800 10
[ERRATUM: Arachnids are not insects.]

a tarantula

Mina
    $1,500 14
Peppermint Pattie

Omar
    $800 3
lying (from flying)

Mina
    $2,000 20
the Ganges

Mina
    $1000 9
fret

Mina
    $1000 24
[Fortune omitted the leading article in the response.]

The 40-Year-Old Virgin

Fortune
    $1000 12
an inchworm

Triple Stumper
    $1000 15
(Omar: Who is Linus?)
(Ken: [Without waiting for Omar's time to expire] No, I'm sorry.)

Linus Pauling

Omar
Triple Stumper
    $1000 22
earless (from fearless)

Mina

Scores at the Double Jeopardy! Round commercial break (after clue 15):

Omar Mina Fortune
$3,500 $8,300 $1,000

Scores at the end of the Double Jeopardy! Round:

Omar Mina Fortune
$5,700 $13,900 $2,000

Triple Jeopardy! Round

GAME SHOWS AROUND THE WORLD
FROM THE MOUTHS OF BIRDS
COFFEE
"D.C." COMICS
(Ken: Those are comedians with those initials, D.C.)
FORWARD & BACKWARD
(Ken: Remember, we'll need two words in your responses.)
EASY STREETS
    $300 30
(Omar: Oh, God! Um, what is, Bob Barker, this the Bob Barker, oh, God!)

The Price Is Right

OmarFortune
    $300 20
Big Bird

Omar
    $300 6
caffeine

Omar
    $300 1
Dave Chappelle

Fortune
    $300 18
gum & mug

Mina
    $300 11
Abbey Road

Mina
    $600 29
Germany

Omar
    $600 21
coo

Mina
    $600 7
Dunkin' Donuts

Fortune
    $600 2
Dana Carvey

Omar
    $600 26
Tang & gnat

Omar
    $600 14
Argentina

Mina
    $900 27
Family Feud

Mina
    $900 12
Happy Feet

Mina
    $900 8
chocolate

Omar
    $900 3
(Omar: Cross? David--who is [*]?)
(Ken: That's it, don't forget your phrasing, Omar.)

David Cross

Omar
    $900 24
iron & nori

Mina
    $900 16
San Francisco

Omar
    $1200 23
(Omar: What is Whose Line Is It Anyway?)

the Match Game

Omar
Triple Stumper
    $2,000 13
(Mina: [Whispering] Oh, my God, why am I forgetting this? [Speaking] What--)
(Ken: Mina?)
(Mina: [Speaking softly] Oh, it's not Catch-22. [Speaking] What is [*]?)
(Ken: Oh, in the nick of time, that's right! I did not think that was gonna happen for you, Mina!)

Slaughterhouse-Five

Mina
    $2,000 9
(Omar: What is a cappuccino?)

an americano

Omar
    $1200 4
Dane Cook

Fortune
    $1200 19
drawer & reward

Fortune
    $1200 15
(Ken: Omar was so close to thinking of it, I think!)
[Omar shakes his head slightly.]

the Champs-Élysées

Triple Stumper
    $1,000 28
(Mina: [Whispering] It's like... [Speaking] What is... Taxi Trivia?)
(Ken: Sorry, no. I can see Fortune nodding. Are you a fan?)
(Fortune: [*], baby.)
(Ken: Loved [*].)
(Fortune: What is it? A game show.)

Cash Cab

Mina
    $1500 22
sparrow

Triple Stumper
    $1500 10
Brigham Young

Fortune
    $1500 5
[Mina buzzes in.]
(Mina: [Whispering] Oh, no.)
(Ken: Mina.)
(Mina: [Whispering] I didn't mean to buzz.)
(Ken: M-Mina wishes she didn't buzz, I think. You got anything?)
(Mina: [Whispering] It was an accident. [Speaking] Uh, who is...)
(Ken: Think you're out of time.)

Dick Cavett

Mina
Triple Stumper
    $1500 25
lager & regal

Mina
    $1500 17
Beale Street

Omar

Scores at the end of the Triple Jeopardy! Round:

Omar Mina Fortune
$8,800 $19,400 $7,100
(lock game)

[wagering suggestions for these scores]

Final Jeopardy! Round responses

HISTORIC SPEECHES
[Ken reads "MLK's" as "Martin Luther King's".]
(Fortune: Um, what is Crushing It?)
(Ken: [Laughs] You were crushing it! You had--)
(Fortune: That is my, um, Netflix special streaming now... that you can watch... for your pleasure.)
...
(Ken: And you seem sorry about that. This is a tough one.)
(Omar: Because I was in the movie Selma.)
...
(Mina: That's my one-year-old.)
...
(Ken: Towards the end of the speech, about ten times, Dr. King says [*].)
FortuneWhat is crushing .
$5,000
OmarWhat self evident Im sorry
$6,000
MinaWhat is I love you Nino! ♡
$0
let freedom ring

Final scores:

Omar Mina Fortune
$2,800 $19,400 $2,100
2nd place: $30,000 to the DeKalb School of the Arts Foundation Winner 3rd place: $30,000 to MANNA FoodBank

Game dynamics:

Coryat scores:

Omar Mina Fortune
$10,100 $18,300 $7,100
26 R
(including 1 DD),
4 W
(including 1 DD)
36 R
(including 3 DDs),
4 W
(including 1 DD)
14 R,
3 W

Combined Coryat: $35,500

[game clues] [game scores] [suggest correction]

Game tape date: 2024-10-22
The J! Archive is created by fans, for fans. Scraping, republication, monetization, and malicious use prohibited; this site may use cookies and collect identifying information. See terms. The Jeopardy! game show and all elements thereof, including but not limited to copyright and trademark thereto, are the property of Jeopardy Productions, Inc. and are protected under law. This website is not affiliated with, sponsored by, or operated by Jeopardy Productions, Inc. Join the discussion at JBoard.tv.